Atlas de anatomía; el cuerpo y la salud /
Guardado en:
| Formato: | Libro |
|---|---|
| Publicado: |
Madrid :
Cultural,
1991
|
| Materias: | |
| Etiquetas: |
Agregar Etiqueta
Sin Etiquetas, Sea el primero en etiquetar este registro!
|
| LEADER | 00519nam a22001695a 4500 | ||
|---|---|---|---|
| 001 | CEM.cems001880 | ||
| 008 | 130507s1991##################000#0#####d | ||
| 005 | 20250428204843.0 | ||
| 245 | 0 | 0 | |a Atlas de anatomía; el cuerpo y la salud / |
| 260 | |a Madrid : |b Cultural, |c 1991 | ||
| 300 | |a 112 p. | ||
| 082 | 0 | 4 | |a C611 |
| 653 | |a Anatomia | ||
| 653 | |a Anatomia-atlas | ||
| 653 | |a Donacion c. basico | ||
| 859 | |a CEMS |b BIB. CEMS - 11 de abril |h C611 |i C897 |p 16573.92 |t Ej.1 | ||
| 859 | |a CEMS |b BIB. CEMS - 11 de abril |h C611 |i C897 |p 29386.22 |t Ej.2 | ||
